000 00438nab a2200145Ia 4500
003 ES-SlBCS
005 20210601125240.0
008 140529s1979 xxu||||| |||| 00| 0 eng d
041 _aeng
100 1 _aLucey, Kenneth G.
_9155963
245 0 0 _aOn Epistemic Preferability
_c Kenneth G. Lucey
650 0 4 _aEpistemología
_986254
773 0 _tPhilosophy and Phenomenological Research
_gvol. 39, 1979, págs. 575-581
_wRev1411
942 _cAR
999 _c527227
_d527227